00266nam a22000977a 4500082001900000100002400019245006700043260001300110526003700123650000800160 a954.91bKHAcD aFazli Hakim Khattak aHealth Economics and Planning in PakistancFazli Hakim Khattak a192 P, : a0b0c0d954_910000000000000_KHA aMCE